| 000 | 01090nam a22002537a 4500 | ||
|---|---|---|---|
| 008 | 130821s2008 ck a gr spa | ||
| 020 | _a9789589883709 | ||
| 040 |
_aCo-BoUCM _bspa |
||
| 041 | 0 | 0 | _aspa |
| 245 | 0 | 0 |
_aViajeros por el antiguo Caldas _cAlbeiro Valencia Llano, Fabio Vélez Correa, compiladores. |
| 260 |
_aManizales (Caldas, Colombia) _bAcademia Caldense de Historia, Editorial Manigraf _c2008 |
||
| 300 |
_a454 páginas _bilustraciones, gráficas, tablas |
||
| 490 | 0 |
_aColección. _pObras Históricas _v6 |
|
| 504 | _aIncluye bibliografía e índices general, onomástico y topónimos. | ||
| 650 | 0 | 4 |
_aHistoria de Colombia _926508 |
| 650 | 0 | 4 |
_aViajeros _vRelatos personales _zCaldas (Colombia) _926179 |
| 651 | 4 |
_aCaldas (Colombia) _xDescripciones y viajes _9172033 |
|
| 651 | 4 |
_aCaldas (Colombia) _xHistoria _970435 |
|
| 700 | 1 |
_aValencia LLano, Albeiro _ecomp. _994997 |
|
| 700 | 1 |
_aVélez Correa, Fabio _ecomp. _9172034 |
|
| 710 | 2 |
_aAcademia Caldense de Historia _9172035 |
|
| 942 |
_cLIBRO _a21 _e1 _mV598 _2DEWEY _h918.86135 |
||
| 999 |
_c92832 _d92832 |
||